000 00487nam a2200193Ia 4500
005 20260422105702.0
008 231207s9999 xx 000 0 und d
020 _a9788126127115
040 _cPK-LaNCA
082 _a070.44
_bGRA
100 _aGranato, Len
245 0 _aNewspaper feature writing
250 _aRevised Edition
260 _bAnmol Publications
_aNew Delhi
_c2006
300 _axi, 136p
546 _aEnglish
650 _aNewspaper--Feature writing.
942 _cBK
999 _c23823
_d23823